书目信息 |
| 题名: |
资本主义批判模式的蜕变
|
|
| 作者: | 张晓兰 著 | |
| 分册: | ||
| 出版信息: | 上海 上海三联书店 2018 |
|
| 页数: | 216页 | |
| 开本: | 21cm | |
| 丛书名: | ||
| 单 册: | ||
| 中图分类: | D143 | |
| 科图分类: | ||
| 主题词: | 伯恩斯坦主义--bo en si tan zhu yi--研究 | |
| 电子资源: | ||
| ISBN: | 978-7-5426-6524-9 | |
| 000 | 01607nam0 2200289 450 | |
| 001 | 012001007553 | |
| 005 | 20140101175021.0 | |
| 010 | @a978-7-5426-6524-9@dCNY39.00 | |
| 099 | @aCAL 012018196829 | |
| 100 | @a20181219d2018 ekmy0chiy50 ea | |
| 101 | 0 | @achi |
| 102 | @aCN@b310000 | |
| 105 | @ay a 000yy | |
| 106 | @ar | |
| 200 | 1 | @a资本主义批判模式的蜕变@Azi ben zhu yi pi pan mo shi de tui bian@e伯恩施坦问题的当代审视@d= The degeneration of critical model of capitalism@econtemporary study on Bernstein's problem@f张晓兰著@zeng |
| 210 | @a上海@c上海三联书店@d2018 | |
| 215 | @a216页@d21cm | |
| 320 | @a有书目 (第208-214页) | |
| 330 | @a本书稿主要从伯恩施坦问题入手来呈现资本主义批判模式的蜕变。首先,十九世纪晚期资本主义的新变化与马克思主义理论之间出现反差,第二国际内部在反差之下则开始分割遗产,并选择不同道路。伯恩施坦问题恰恰在这种断裂中应运而生,经典批判理论呈现出方法论与历史观上的分化与蜕变,最终造成理论与实践、结论与方法、科学与价值之间的分离。其次,本书稿主要抓住伯恩施坦的三个问题:和平民主与暴力革命、政治与经济、伦理主义与实证主义之间的分歧。最后,在当代资本主义全球化趋势下社会主义陷入低谷,马克思主义理论再度陷入危机,伯恩施坦问题在当代则以不同形式再度重现。 | |
| 333 | @a伯恩斯坦主义研究人员 | |
| 510 | 1 | @aDegeneration of critical model of capitalism@econtemporary study on Bernstein's problem@zeng |
| 517 | 1 | @a伯恩施坦问题的当代审视@Abo en shi tan wen ti de dang dai shen shi |
| 606 | 0 | @a伯恩斯坦主义@Abo en si tan zhu yi@x研究 |
| 690 | @aD143@v5 | |
| 701 | 0 | @a张晓兰@Azhang xiao lan@4著 |
| 801 | 0 | @aCN@b上海新华@c20191020 |
| 905 | @b1133682-5@dD143@e11@f4 | |
| 资本主义批判模式的蜕变:伯恩施坦问题的当代审视= The degeneration of critical model of capitalism:contemporary study on Bernstein's problem/张晓兰著.-上海:上海三联书店,2018 |
| 216页;21cm |
| 使用对象:伯恩斯坦主义研究人员 |
| ISBN 978-7-5426-6524-9:CNY39.00 |
| 本书稿主要从伯恩施坦问题入手来呈现资本主义批判模式的蜕变。首先,十九世纪晚期资本主义的新变化与马克思主义理论之间出现反差,第二国际内部在反差之下则开始分割遗产,并选择不同道路。伯恩施坦问题恰恰在这种断裂中应运而生,经典批判理论呈现出方法论与历史观上的分化与蜕变,最终造成理论与实践、结论与方法、科学与价值之间的分离。其次,本书稿主要抓住伯恩施坦的三个问题:和平民主与暴力革命、政治与经济、伦理主义与实证主义之间的分歧。最后,在当代资本主义全球化趋势下社会主义陷入低谷,马克思主义理论再度陷入危机,伯恩施坦问题在当代则以不同形式再度重现。 |
| ● |
| 相关链接 |
|
|
|
|
正题名:资本主义批判模式的蜕变
索取号:D143/11
 
预约/预借
| 序号 | 登录号 | 条形码 | 馆藏地/架位号 | 状态 | 备注 |
| 1 | 1133682 | 211336829 | 第一样本阅览室/ [索取号:D143/11] | 在馆 | |
| 2 | 1133683 | 211336838 | 第一借阅区/ [索取号:D143/11] | 在馆 | |
| 3 | 1133684 | 211336847 | 第一借阅区/ [索取号:D143/11] | 在馆 | |
| 4 | 1133685 | 211336856 | 第一借阅区/ [索取号:D143/11] | 在馆 |